[Event "Aarhus Chess House Summer op"]
[Site "Aarhus"]
[Date "2017.06.29"]
[Round "5"]
[White "Lysgaard Egeberg, Bjarne"]
[Black "Christensen, John Christoffer H"]
[Result "1/2-1/2"]
[WhiteElo "1754"]
[BlackElo "1602"]
[PlyCount "23"]
[EventDate "2017.06.25"]
[EventType "swiss"]
[EventRounds "7"]
[EventCountry "DEN"]
[SourceTitle "EXT 2018"]
[Source "ChessBase"]
[SourceDate "2017.10.13"]
[SourceVersion "1"]
[SourceVersionDate "2017.10.13"]
[SourceQuality "1"]

1. d4 d5 2. Nf3 Nf6 3. e3 c6 4. c3 Bf5 5. Be2 e6 6. Qb3 Qb6 7. Nbd2 Nbd7 8. 0-0 Bd6 9. c4 Qc7 10. c5 Be7 11. Qc3 0-0 12. b4 1/2-1/2